भारतीय निर्यात और अर्थव्यवस्था : (Record no. 120977)

MARC details
000 -LEADER
fixed length control field 01371nam a22002537a 4500
005 - DATE AND TIME OF LATEST TRANSACTION
control field 20170124103206.0
010 ## - LIBRARY OF CONGRESS CONTROL NUMBER
LC control number B-185247
020 ## - INTERNATIONAL STANDARD BOOK NUMBER
Terms of availability 450.00
International Standard Book Number 8188684589
035 ## - SYSTEM CONTROL NUMBER
System control number B-185247
037 ## - SOURCE OF ACQUISITION
Source of stock number/acquisition Cen Lib/Ret
040 ## - CATALOGING SOURCE
Original cataloging agency DPL
Language of cataloging HN
082 ## - DEWEY DECIMAL CLASSIFICATION NUMBER
Classification number 382.6
Item number वर्मासु
100 ## - MAIN ENTRY--PERSONAL NAME
Personal name वर्मा, सुभाष चन्द्र
9 (RLIN) 43924
245 ## - TITLE STATEMENT
Title भारतीय निर्यात और अर्थव्यवस्था :
Statement of responsibility, etc सुभाष चन्द्र वर्मा
Remainder of title भदोही का कालीन उद्योग /
246 ## - VARYING FORM OF TITLE
Title proper/short title Bharteey niryat aur arthvyavstha : bhadohi ka kaleen udyog /
Remainder of title by Subhash Chandra Verma
260 ## - PUBLICATION, DISTRIBUTION, ETC. (IMPRINT)
Place of publication, distribution, etc दिल्ली
Name of publisher, distributor, etc नीलाचल सारस्वत संघ अकादमिक एक्स्सेलेन्स
Date of publication, distribution, etc 2006
270 ## - ADDRESS
City दिल्ली
Address 42, एकता अपार्टमेंट, गीता कालोनी
Postal code 110031
300 ## - PHYSICAL DESCRIPTION
Extent viii,217पृ.
Dimensions 20सेमी(सजिल्द)
650 ## - SUBJECT ADDED ENTRY--TOPICAL TERM
Topical term or geographic name as entry element भारत -- अर्थव्यवस्था
9 (RLIN) 4690
650 ## - SUBJECT ADDED ENTRY--TOPICAL TERM
Topical term or geographic name as entry element भारत -- निर्यात व्यापार में भूमिका
9 (RLIN) 81575
650 ## - SUBJECT ADDED ENTRY--TOPICAL TERM
Topical term or geographic name as entry element India - Economy
9 (RLIN) 93717
650 ## - SUBJECT ADDED ENTRY--TOPICAL TERM
Topical term or geographic name as entry element India - export business role
9 (RLIN) 93718
942 ## - ADDED ENTRY ELEMENTS (KOHA)
Source of classification or shelving scheme Dewey Decimal Classification
Koha item type Hindi Books
Classification part 382.6
Call number suffix वर्मासु
Holdings
Withdrawn status Lost status Damaged status Not for loan Home library Current library Date acquired Source of acquisition Cost, normal purchase price Total Checkouts Full call number Barcode Date last seen Date checked out Copy number Cost, replacement price Price effective from Koha item type
        Central Library Central Library 30/09/2015 Cen Lib/Ret 450.00 1 382.6 वर्मासु B-185247 02/06/2018 19/05/2018 1 450.00 30/09/2015 Hindi Books

© Delhi Public Library
Hit Counter
free hit counter